Govt. of
Madhya Pradesh

Guru Gobind Singh (Record no. 1002)

MARC details
000 -LEADER
fixed length control field 005070000a22001930004500
001 - CONTROL NUMBER
control field 001006
003 - CONTROL NUMBER IDENTIFIER
control field MACL
005 - DATE AND TIME OF LATEST TRANSACTION
control field 20151016140413.0
008 - FIXED-LENGTH DATA ELEMENTS--GENERAL INFORMATION
fixed length control field 151016b xxu||||| |||| 00| 0 eng d
040 ## - CATALOGING SOURCE
Original cataloging agency MACL
Transcribing agency MACL
041 ## - LANGUAGE CODE
Language code of text/sound track or separate title English
082 ## - DEWEY DECIMAL CLASSIFICATION NUMBER
Classification number 920/BHA
100 ## - MAIN ENTRY--PERSONAL NAME
Personal name Bhasin, Rajinder Singhy
9 (RLIN) 15293
245 ## - TITLE STATEMENT
Title Guru Gobind Singh
Remainder of title The Prophet Poet and Philosopher
Statement of responsibility, etc. Rajinder Singhy Bhasin
260 ## - PUBLICATION, DISTRIBUTION, ETC. (IMPRINT)
Place of publication, distribution, etc. Delhi,
Date of publication, distribution, etc. 2000
Name of publisher, distributor, etc. Shilalekh
350 ## - PRICE (NR) (BK AM CF MU VM SE) [OBSOLETE]
Price 150
650 ## - SUBJECT ADDED ENTRY--TOPICAL TERM
Topical term or geographic name as entry element Biography
9 (RLIN) 15294
942 ## - ADDED ENTRY ELEMENTS (KOHA)
Call number prefix 920
Koha item type Books
Source of classification or shelving scheme
Holdings
Withdrawn status Lost status Source of classification or shelving scheme Damaged status Not for loan Home library Current library Date acquired Cost, normal purchase price Total Checkouts Full call number Barcode Date last seen Uniform Resource Identifier Price effective from Koha item type
          MACL MACL 15/04/2015 150.00   920/BHA CRE013126 02/05/2024 1005 15/04/2015 Books